00345 a2200121 4500020001800000040000800018082001700026100001800043245005800061260004200119300003300161650002900194 a9788174092342 cDLC a624.068bSHA aSharma, S. C. aConstruction Engineering and ManagementcS. C. Sharma aNew Delhi :bKhanna Publishers,c2008 axiii, 790p. :bill. ;c21 cm aConstruction Engineering